[Event "Chpt de France Universitaire"]
[Site "Nantes"]
[Date "2013.03.24"]
[Round "6.1"]
[White "Demuth, Adrien"]
[Black "Lagarde, Maxime"]
[Result "1/2-1/2"]
[WhiteElo "2457"]
[BlackElo "2560"]
[PlyCount "64"]
[EventDate "2013.??.??"]

1. Nf3 Nf6 2. b3 d6 3. d4 Bg4 4. e3 Nc6 5. Bb2 e5 6. Be2 e4 7. Nfd2 Bxe2 8.
Qxe2 d5 9. O-O Bd6 10. c4 O-O 11. Nc3 Nb4 12. a3 Nd3 13. cxd5 Nxb2 14. Ndxe4
Nxe4 15. Nxe4 Bxh2+ 16. Kxh2 Qh4+ 17. Kg1 Qxe4 18. Qxb2 Rad8 19. Qb1 Qxd5 20.
Rc1 c6 21. Rc5 Qd7 22. b4 f5 23. b5 f4 24. bxc6 bxc6 25. Qe4 fxe3 26. fxe3 Rf6
27. Rf1 Re8 28. Re5 Rxf1+ 29. Kxf1 Rf8+ 30. Kg1 Qf7 31. Qxc6 Qf2+ 32. Kh2 Qh4+
1/2-1/2

[Event "Chpt de France Universitaire"]
[Site "Nantes"]
[Date "2013.03.24"]
[Round "6.2"]
[White "Sebag, Marie"]
[Black "Stephan, Victor"]
[Result "1/2-1/2"]
[WhiteElo "2504"]
[BlackElo "2270"]
[PlyCount "109"]
[EventDate "2013.??.??"]

1. e4 c5 2. c3 Nf6 3. e5 Nd5 4. d4 cxd4 5. Nf3 Nc6 6. cxd4 d6 7. Bc4 Nb6 8. Bb5
Bd7 9. Nc3 e6 10. O-O a6 11. Bd3 Nb4 12. Be4 Bc6 13. Bxc6+ Nxc6 14. Bg5 Be7 15.
Bxe7 Nxe7 16. Ne4 dxe5 17. dxe5 O-O 18. Nd6 Rb8 19. Qd3 Nbd5 20. Rac1 Ng6 21.
Qe4 f6 22. Nc4 b5 23. Ne3 fxe5 24. Rfd1 Rf4 25. Qc2 Rxf3 26. gxf3 Qg5+ 27. Kh1
Nxe3 28. fxe3 Qxe3 29. Qe4 Qg5 30. Rc7 Rd8 31. Rxd8+ Qxd8 32. Rc1 Qd5 33. Qxd5
exd5 34. Rc6 Nh4 35. Rxa6 Nxf3 36. Kg2 e4 37. Rd6 d4 38. Re6 Nd2 39. b3 Kf7 40.
Rd6 d3 41. Kf2 Ke7 42. Rd4 Kf6 43. Rd5 Nb1 44. Ke3 Ke6 45. Rd4 Nc3 46. Kd2 Nb1+
47. Ke3 Nc3 48. a4 bxa4 49. bxa4 Ke5 50. Rd8 Nxa4 51. Re8+ Kf5 52. Rf8+ Ke5 53.
Re8+ Kf5 54. Rf8+ Ke5 55. Re8+ 1/2-1/2

[Event "Chpt de France Universitaire"]
[Site "Nantes"]
[Date "2013.03.24"]
[Round "6.3"]
[White "Delorme, Axel"]
[Black "Charmeteau, Sven"]
[Result "1-0"]
[WhiteElo "2460"]
[BlackElo "2360"]
[PlyCount "137"]
[EventDate "2013.??.??"]

1. d4 Nf6 2. g3 g6 3. Bg2 Bg7 4. e4 d6 5. Nc3 Nbd7 6. Nge2 c6 7. h3 O-O 8. a4
Rb8 9. Be3 Qa5 10. O-O e5 11. f4 Nh5 12. dxe5 dxe5 13. f5 Nb6 14. g4 Nc4 15.
Bc1 Nf4 16. Qe1 Nxb2 17. f6 Bxf6 18. Nd5 Qc5+ 19. Be3 Qd6 20. Nxf6+ Qxf6 21.
Nxf4 exf4 22. Bxf4 Qd4+ 23. Rf2 Ra8 24. c3 Qb6 25. Be3 Nd3 26. Qd2 Qa6 27. Bf1
Rd8 28. Bd4 Nxf2 29. Bxa6 Nxh3+ 30. Kg2 c5 31. Be2 cxd4 32. cxd4 h5 33. Kxh3
Be6 34. d5 hxg4+ 35. Bxg4 Bxg4+ 36. Kxg4 Re8 37. Qf4 Rxe4 38. Qxe4 f5+ 39. Qxf5
gxf5+ 40. Kxf5 Kf7 41. Rh1 Ke7 42. Ke5 Re8 43. Rh7+ Kd8+ 44. Kd6 Kc8 45. Rc7+
Kb8 46. Rc4 a6 47. Rc5 b6 48. Rc4 Kb7 49. Kd7 Re2 50. Rc7+ Kb8 51. d6 Rh2 52.
Rc3 Kb7 53. Rc7+ Kb8 54. Kc6 b5 55. Re7 bxa4 56. Re8+ Ka7 57. d7 Rc2+ 58. Kd6
Rd2+ 59. Ke7 Re2+ 60. Kf6 Rf2+ 61. Ke5 Re2+ 62. Kf4 Rd2 63. d8=Q Rxd8 64. Rxd8
Kb6 65. Ke3 Kb5 66. Kd2 Kb4 67. Kc2 a3 68. Kb1 a5 69. Ka2 1-0

[Event "Chpt de France Universitaire"]
[Site "Nantes"]
[Date "2013.03.24"]
[Round "6.4"]
[White "Bouget, Alexandre"]
[Black "Sochacki, Christophe"]
[Result "0-1"]
[WhiteElo "2340"]
[BlackElo "2440"]
[PlyCount "122"]
[EventDate "2013.??.??"]

1. d4 g6 2. c4 Bg7 3. Nf3 Nf6 4. Nc3 O-O 5. e4 c6 6. Be2 d5 7. e5 Ne4 8. O-O
Nxc3 9. bxc3 Qa5 10. Qb3 dxc4 11. Bxc4 b5 12. Bxf7+ Rxf7 13. Ng5 e6 14. Nxf7
Kxf7 15. f4 Qa4 16. f5 gxf5 17. Rxf5+ Kg8 18. Rf3 Qxb3 19. axb3 Nd7 20. Rg3 Nf8
21. h4 Kh8 22. h5 h6 23. Be3 a5 24. Rf1 Ra7 25. d5 Rc7 26. dxc6 Nh7 27. Rg6 Nf8
28. Rg4 Nh7 29. c4 bxc4 30. Rd1 Rxc6 31. Rd8+ Nf8 32. Rxc4 Rxc4 33. bxc4 Bb7
34. Rb8 Be4 35. Bc5 Kg8 36. Bd6 Kf7 37. c5 Nd7 38. Rb5 Bxe5 39. Rxa5 Bxd6 40.
cxd6 e5 41. Kf2 Ke6 42. Ra7 Kxd6 43. Ra6+ Bc6 44. g4 Nf6 45. Kg3 e4 46. Ra1 Bb5
47. Rb1 Bd3 48. Rb6+ Ke5 49. Rb8 e3 50. Ra8 Ne4+ 51. Kf3 e2 52. Ra1 Kd4 53.
Ra4+ Kd5 54. Ra5+ Kd4 55. Ra4+ Kc3 56. Rxe4 Bxe4+ 57. Kxe2 Kd4 58. Kf2 Ke5 59.
Kg3 Bd5 60. Kh4 Kf4 61. Kh3 Bf3 0-1

[Event "Chpt de France Universitaire"]
[Site "Nantes"]
[Date "2013.03.24"]
[Round "6.5"]
[White "Le Ruyet, Leopold"]
[Black "Hutois, Mickael"]
[Result "1-0"]
[WhiteElo "2170"]
[BlackElo "2230"]
[PlyCount "97"]
[EventDate "2013.??.??"]

1. e4 e5 2. Nf3 Nc6 3. d4 exd4 4. Nxd4 Nge7 5. Nc3 g6 6. Be3 Bg7 7. Bc4 d6 8.
f3 O-O 9. Qd2 Nxd4 10. Bxd4 Bxd4 11. Qxd4 Nc6 12. Qd2 Be6 13. Nd5 Ne5 14. Bb3
c6 15. Ne3 Qh4+ 16. Qf2 Qxf2+ 17. Kxf2 Rfd8 18. Rhd1 Kf8 19. h3 Ke7 20. f4 Nd7
21. f5 Bxb3 22. axb3 Ne5 23. Rd4 Kd7 24. g4 Kc7 25. g5 Re8 26. Kg3 Rh8 27. Rad1
Rad8 28. Ng4 Rhe8 29. Nf6 Rh8 30. h4 h6 31. b4 hxg5 32. hxg5 a6 33. c3 b6 34.
b3 Rhf8 35. c4 Rh8 36. R4d2 b5 37. Rc2 Kb7 38. Ng4 Rhe8 39. Nf6 Rh8 40. Ng4
Rhe8 41. Nh6 Rf8 42. Kf4 Kc7 43. c5 Nd7 44. Rxd6 gxf5 45. exf5 f6 46. g6 Rh8
47. Nf7 Rh4+ 48. Kg3 Re8 49. Kxh4 1-0

[Event "Chpt de France Universitaire"]
[Site "Nantes"]
[Date "2013.03.24"]
[Round "6.6"]
[White "Sochacki, Wojtek"]
[Black "Dubessay, Bastien"]
[Result "1/2-1/2"]
[WhiteElo "2540"]
[BlackElo "2390"]
[PlyCount "105"]
[EventDate "2013.??.??"]

1. e4 c5 2. Nc3 Nc6 3. Nge2 e6 4. d4 cxd4 5. Nxd4 a6 6. Nxc6 bxc6 7. Bd3 e5 8.
O-O Nf6 9. f4 d6 10. Qf3 Be7 11. Kh1 Qc7 12. Be3 Ng4 13. fxe5 Nxe5 14. Qg3 O-O
15. Ne2 Kh8 16. Nf4 g6 17. Bd4 Bd7 18. Bc4 a5 19. Bxf7 Rxf7 20. Nxg6+ hxg6 21.
Rxf7 Be6 22. Bxe5+ dxe5 23. Raf1 Rg8 24. Qe3 g5 25. R1f6 Rd8 26. h4 Bxf7 27.
Rxf7 Qd6 28. Qh3 Qd7 29. Qg3 Qe6 30. Rf5 Kh7 31. hxg5 Kg7 32. Qf3 Rh8+ 33. Kg1
Bc5+ 34. Kf1 Rd8 35. g3 Qc4+ 36. Kg2 Qxc2+ 37. Kh3 Qc4 38. Rxe5 Rf8 39. Qd1 Qd4
40. Re7+ Kg6 41. Qxd4 Bxd4 42. Re6+ Kxg5 43. Rxc6 Rh8+ 44. Kg2 Bxb2 45. Rc5+
Kg4 46. Rxa5 Rd8 47. Rd5 Rc8 48. Rd2 Be5 49. a4 Rc3 50. Ra2 Rxg3+ 51. Kf2 Bd4+
52. Kf1 Bc5 53. Rg2 1/2-1/2

[Event "Chpt de France Universitaire"]
[Site "Nantes"]
[Date "2013.03.24"]
[Round "7.1"]
[White "Lagarde, Maxime"]
[Black "Delorme, Axel"]
[Result "1/2-1/2"]
[WhiteElo "2560"]
[BlackElo "2460"]
[PlyCount "51"]
[EventDate "2013.??.??"]

1. c4 e6 2. d4 d5 3. Nc3 Nf6 4. cxd5 exd5 5. Bg5 c6 6. e3 Bf5 7. Nge2 h6 8. Bf4
Nbd7 9. Ng3 Bh7 10. Bd3 Bxd3 11. Qxd3 g5 12. Be5 Nxe5 13. dxe5 Nd7 14. f4 gxf4
15. exf4 Nc5 16. Qf3 Qb6 17. O-O O-O-O 18. Kh1 Qxb2 19. Rfc1 d4 20. Nce4 Nxe4
21. Nxe4 Kb8 22. Rab1 Qa3 23. Rxb7+ Kxb7 24. Nd6+ Bxd6 25. Qxc6+ Kb8 26. Qb5+
1/2-1/2

[Event "Chpt de France Universitaire"]
[Site "Nantes"]
[Date "2013.03.24"]
[Round "7.2"]
[White "Sochacki, Christophe"]
[Black "Demuth, Adrien"]
[Result "1-0"]
[WhiteElo "2440"]
[BlackElo "2457"]
[PlyCount "79"]
[EventDate "2013.??.??"]

1. e4 e5 2. Nf3 Nc6 3. d4 exd4 4. Nxd4 Nf6 5. Nxc6 bxc6 6. e5 Qe7 7. Qe2 Nd5 8.
c4 Ba6 9. Nd2 f6 10. Qe4 Nb6 11. f4 d5 12. exd6 cxd6 13. b3 O-O-O 14. Kf2 Bb7
15. Ba3 Qd7 16. Qe3 Re8 17. Qd3 d5 18. c5 Na8 19. b4 Nc7 20. Bb2 Ba6 21. Qa3
Bxf1 22. Rhxf1 Qf5 23. g3 Qc2 24. Qc3 Qxc3 25. Bxc3 Be7 26. Nf3 Kd7 27. Nd4 Ne6
28. Nb3 Bd8 29. a4 a6 30. Rfd1 h5 31. b5 axb5 32. axb5 cxb5 33. Rxd5+ Ke7 34.
Ra7+ Kf8 35. Bb4 h4 36. Kg2 hxg3 37. hxg3 Be7 38. Rdd7 Bd8 39. f5 Ng5 40. c6+
1-0

[Event "Chpt de France Universitaire"]
[Site "Nantes"]
[Date "2013.03.24"]
[Round "7.3"]
[White "Stephan, Victor"]
[Black "Le Ruyet, Leopold"]
[Result "1-0"]
[WhiteElo "2270"]
[BlackElo "2170"]
[PlyCount "87"]
[EventDate "2013.??.??"]

1. d4 d5 2. c4 e6 3. Nf3 Nf6 4. g3 c5 5. Bg2 Be7 6. O-O Nc6 7. cxd5 exd5 8. Nc3
O-O 9. dxc5 Bxc5 10. Na4 Be7 11. Be3 b6 12. Rc1 Bb7 13. Nd4 Nxd4 14. Bxd4 Ne4
15. e3 Rc8 16. Nc3 Re8 17. Qg4 Bf6 18. Bxf6 Nxf6 19. Qd4 Rc4 20. Qd3 Ba6 21.
Rfd1 Qc8 22. Qd2 Rd8 23. b3 Rc5 24. h3 Bb7 25. Ne2 Qc7 26. Nf4 h6 27. Kh2 Ba8
28. Nd3 Rxc1 29. Rxc1 Qd7 30. Nf4 Kh7 31. Qc2+ g6 32. Qc7 Kg7 33. Qe5 Re8 34.
Qd4 Qd6 35. Rd1 Re5 36. e4 Re8 37. Nxd5 Bxd5 38. exd5 Re2 39. Rd2 Re1 40. Rc2
Qe7 41. d6 Qe6 42. Rc7 Rb1 43. Re7 Qc8 44. Bd5 1-0

[Event "Chpt de France Universitaire"]
[Site "Nantes"]
[Date "2013.03.24"]
[Round "7.4"]
[White "Bouget, Alexandre"]
[Black "Sebag, Marie"]
[Result "0-1"]
[WhiteElo "2340"]
[BlackElo "2504"]
[PlyCount "163"]
[EventDate "2013.??.??"]

1. d4 d5 2. c4 c6 3. Nc3 Nf6 4. Nf3 e6 5. e3 Nbd7 6. Bd3 dxc4 7. Bxc4 b5 8. Be2
Bb7 9. O-O a6 10. e4 c5 11. d5 e5 12. Bg5 h6 13. Bh4 Bd6 14. Qc2 O-O 15. Nd1 c4
16. Ne3 Nc5 17. Nd2 Bc8 18. b3 cxb3 19. axb3 Bd7 20. Bg4 g5 21. Bxd7 Qxd7 22.
Bg3 Rac8 23. Qb1 Nh5 24. Qd1 Ng7 25. Ng4 f6 26. Nxh6+ Kh7 27. Ng4 Rce8 28. Ne3
Kg6 29. h3 Rh8 30. Qf3 f5 31. exf5+ Nxf5 32. Nxf5 Qxf5 33. Qxf5+ Kxf5 34. f3
Rc8 35. Kh2 Rhd8 36. Rfe1 Nd3 37. Re3 Nb4 38. Ne4 Bf8 39. Nf2 Rxd5 40. Rae1 Nc6
41. Ng4 Bb4 42. Rc1 Bd2 43. Rd1 Rcd8 44. Ra1 a5 45. Re2 Bf4 46. Ne3+ Bxe3 47.
Rxe3 Rd3 48. Rxd3 Rxd3 49. Rc1 Nd4 50. Rc5 Rxb3 51. Rxe5+ Kg6 52. Rd5 Nf5 53.
Be1 a4 54. Rd8 a3 55. Ra8 b4 56. Ra6+ Kf7 57. Bxb4 Rxb4 58. Rxa3 Kf6 59. Ra2
Ne3 60. Re2 Nf1+ 61. Kg1 Ng3 62. Rc2 Rb1+ 63. Kf2 Nf5 64. Ra2 Ke5 65. Re2+ Kf6
66. Ra2 Nd4 67. Ra6+ Ne6 68. Ra2 Rb4 69. Kg3 Ng7 70. Ra6+ Kf5 71. Ra5+ Kg6 72.
Ra6+ Kh5 73. Ra5 Ne6 74. Re5 Ng7 75. Ra5 Kg6 76. Ra6+ Kf7 77. Ra7+ Kf6 78. Ra6+
Ne6 79. Kf2 Rb2+ 80. Kf1 Kf5 81. Kg1 Nf4 82. Ra5+ 0-1

[Event "Chpt de France Universitaire"]
[Site "Nantes"]
[Date "2013.03.24"]
[Round "7.5"]
[White "Hutois, Mickael"]
[Black "Sochacki, Wojtek"]
[Result "1/2-1/2"]
[WhiteElo "2230"]
[BlackElo "2540"]
[PlyCount "117"]
[EventDate "2013.??.??"]

1. e4 c5 2. Nf3 d6 3. d4 cxd4 4. Qxd4 Nc6 5. Bb5 Bd7 6. Bxc6 Bxc6 7. c4 Nf6 8.
Nc3 g6 9. O-O Bg7 10. Qd3 O-O 11. Rb1 a5 12. b3 Nd7 13. Nd4 Ne5 14. Qe2 Rc8 15.
Be3 Nd7 16. f3 Nc5 17. a3 Ra8 18. Rfd1 Qc8 19. Nd5 Bxd5 20. exd5 Qd7 21. Nb5 a4
22. b4 Nb3 23. Nd4 Ra6 24. Nxb3 axb3 25. Rxb3 Rfa8 26. Bc1 Kf8 27. c5 Ra4 28.
Qd3 dxc5 29. Be3 cxb4 30. axb4 Ra1 31. Rbb1 R1a3 32. Qe4 Bf6 33. Bc5 Qf5 34.
Qxf5 gxf5 35. d6 exd6 36. Bxd6+ Kg7 37. Rd2 Re8 38. h3 Re6 39. Bc5 Bg5 40. Bd4+
Kg6 41. Rc2 Rd6 42. Bc5 Re6 43. b5 Rd3 44. b6 Rd5 45. Bf2 Bd8 46. Rc8 Rdd6 47.
Rb8 Bxb6 48. Bxb6 Rxb6 49. Rxb7 Rxb7 50. Rxb7 Rc6 51. Kf2 Rc4 52. Kg3 h5 53. h4
Rc2 54. Rb6+ f6 55. Rb8 Rc4 56. Rg8+ Kh6 57. Rf8 Kg6 58. Re8 Kf7 59. Rh8
1/2-1/2

[Event "Chpt de France Universitaire"]
[Site "Nantes"]
[Date "2013.03.24"]
[Round "7.6"]
[White "Charmeteau, Sven"]
[Black "Le Goff, Ronan"]
[Result "1-0"]
[WhiteElo "2360"]
[BlackElo "2220"]
[PlyCount "63"]
[EventDate "2013.??.??"]

1. e4 e5 2. f4 d5 3. exd5 exf4 4. Bb5+ c6 5. dxc6 Nxc6 6. d4 Qa5+ 7. Nc3 Bb4 8.
Bd2 Bxc3 9. Qe2+ Nge7 10. Bxc3 Qd8 11. O-O-O O-O 12. d5 Nxd5 13. Qh5 Be6 14.
Nh3 h6 15. Bc4 Nf6 16. Qf3 Qe7 17. Rhe1 Rad8 18. Nxf4 Rxd1+ 19. Qxd1 Qd8 20.
Nxe6 Qxd1+ 21. Rxd1 fxe6 22. Bxe6+ Kh8 23. b4 Ne4 24. Be1 Ng5 25. Bd5 a6 26. a4
Nd8 27. b5 axb5 28. axb5 b6 29. Bb4 Rf5 30. Be7 Ndf7 31. h4 Re5 32. Bxg5 1-0

[Event "Chpt de France Universitaire"]
[Site "Nantes"]
[Date "2013.03.24"]
[Round "8.1"]
[White "Sochacki, Christophe"]
[Black "Lagarde, Maxime"]
[Result "1/2-1/2"]
[WhiteElo "2440"]
[BlackElo "2560"]
[PlyCount "137"]
[EventDate "2013.??.??"]

1. e4 c5 2. Nf3 Nc6 3. d4 cxd4 4. Nxd4 Nf6 5. Nc3 Qb6 6. Nb3 e6 7. Be3 Qc7 8.
Bd3 a6 9. f4 d6 10. g4 b5 11. g5 Nd7 12. Qe2 Bb7 13. a4 b4 14. Nb1 g6 15. N1d2
Bg7 16. Nc4 O-O 17. a5 Rad8 18. h4 d5 19. Ncd2 d4 20. Bf2 Qxf4 21. Bxa6 Bxa6
22. Qxa6 Nde5 23. Rf1 d3 24. O-O-O Ra8 25. Qb5 dxc2 26. Kxc2 Rfb8 27. Qe2 Qg4
28. Qxg4 Nxg4 29. Bb6 Nge5 30. Kb1 Ne7 31. Rc1 Nc8 32. Bc7 Rb7 33. a6 Rba7 34.
Bxe5 Bxe5 35. Nc4 Bg7 36. Rfd1 Rxa6 37. Rd8+ Bf8 38. Ne5 Nb6 39. Rcd1 Rxd8 40.
Rxd8 Ra8 41. Rxa8 Nxa8 42. Kc2 Nb6 43. Nd2 h6 44. Kb3 hxg5 45. hxg5 Be7 46.
Ndf3 Bf8 47. Ng4 Nd7 48. Kc4 Be7 49. Nd4 Bxg5 50. Kxb4 Kf8 51. Kb5 Ke8 52. Kc6
Be7 53. e5 Kd8 54. Nb5 f5 55. exf6 Nxf6 56. Ne5 Nd5 57. Nxg6 Bf6 58. b3 Ne7+
59. Nxe7 Bxe7 60. Nd6 e5 61. Nf7+ Kc8 62. Nxe5 Bb4 63. Nd3 Bc3 64. Nc5 Bb4 65.
Ne4 Be1 66. Kc5 Kb8 67. Kc4 Kc7 68. Nc3 Kc6 69. Kd4 1/2-1/2

[Event "Chpt de France Universitaire"]
[Site "Nantes"]
[Date "2013.03.24"]
[Round "8.2"]
[White "Delorme, Axel"]
[Black "Stephan, Victor"]
[Result "1-0"]
[WhiteElo "2460"]
[BlackElo "2270"]
[PlyCount "47"]
[EventDate "2013.??.??"]

1. d4 Nf6 2. g3 e6 3. c4 d5 4. Nf3 dxc4 5. Bg2 b5 6. a4 c6 7. Ne5 Nd5 8. b3
Bb4+ 9. Kf1 c3 10. e4 Nf6 11. Na3 O-O 12. Nc2 Be7 13. Nd3 a5 14. h4 b4 15. h5
Ba6 16. Kg1 Nbd7 17. g4 Ne8 18. f4 c5 19. d5 c4 20. bxc4 b3 21. e5 exd5 22.
cxd5 Bxd3 23. Qxd3 b2 24. Rb1 1-0

[Event "Chpt de France Universitaire"]
[Site "Nantes"]
[Date "2013.03.24"]
[Round "8.3"]
[White "Sebag, Marie"]
[Black "Gallant, Aurelien"]
[Result "1-0"]
[WhiteElo "2504"]
[BlackElo "2220"]
[PlyCount "43"]
[EventDate "2013.??.??"]

1. e4 c5 2. c3 Nf6 3. e5 Nd5 4. d4 cxd4 5. Nf3 d6 6. cxd4 Nc6 7. Bc4 e6 8. O-O
Be7 9. Qe2 O-O 10. Nc3 dxe5 11. dxe5 Nxc3 12. bxc3 Qc7 13. Bd3 g6 14. Bh6 Rd8
15. Rfe1 b6 16. h4 Bf8 17. Bxf8 Rxf8 18. Qe3 Ne7 19. Qh6 Nf5 20. Bxf5 exf5 21.
Ng5 f6 22. exf6 1-0

[Event "Chpt de France Universitaire"]
[Site "Nantes"]
[Date "2013.03.24"]
[Round "8.4"]
[White "Demuth, Adrien"]
[Black "Charmeteau, Sven"]
[Result "1-0"]
[WhiteElo "2457"]
[BlackElo "2360"]
[PlyCount "47"]
[EventDate "2013.??.??"]

1. d4 Nf6 2. c4 g6 3. Nc3 d5 4. Bg5 Ne4 5. Bh4 Nxc3 6. bxc3 dxc4 7. e3 Bg7 8.
Bxc4 O-O 9. Nf3 c5 10. O-O Nc6 11. Qe2 cxd4 12. cxd4 Bf5 13. Rac1 Na5 14. Bd3
Bxd3 15. Qxd3 Qd7 16. Qe4 e6 17. Ne5 Qa4 18. Ng4 Rac8 19. Nf6+ Kh8 20. Bg5 Rxc1
21. Rxc1 h5 22. g4 h4 23. Bxh4 Qa3 24. Rc5 1-0

[Event "Chpt de France Universitaire"]
[Site "Nantes"]
[Date "2013.03.24"]
[Round "8.5"]
[White "Miqueu, Jean-Philippe"]
[Black "Sochacki, Wojtek"]
[Result "0-1"]
[WhiteElo "2230"]
[BlackElo "2540"]
[PlyCount "119"]
[EventDate "2013.??.??"]

1. e4 c5 2. Nf3 d6 3. Bb5+ Bd7 4. Bxd7+ Qxd7 5. O-O Nf6 6. Qe2 Nc6 7. Rd1 Qg4
8. d3 Ne5 9. h3 Nxf3+ 10. Qxf3 Qxf3 11. gxf3 g6 12. Nc3 Bg7 13. Be3 O-O 14. a4
Rac8 15. Ra3 Rfd8 16. Rb3 Rd7 17. a5 Ne8 18. Ra1 Rc6 19. Ra4 Ra6 20. Nb5 Nc7
21. Nxc7 Rxc7 22. Kf1 Kf8 23. Rb5 Ke8 24. Ra3 Kd7 25. Rab3 Kc6 26. c4 b6 27.
axb6 Rxb6 28. Ke2 Rcb7 29. Rxb6+ axb6 30. Kd2 Rb8 31. Kc2 f5 32. Ra3 Kb7 33. b3
Rf8 34. Kd1 fxe4 35. fxe4 Rf3 36. h4 Rh3 37. b4 cxb4 38. Rb3 Bc3 39. Bg5 Rxd3+
40. Ke2 Rd4 41. f3 e5 42. Be7 Kc6 43. Rb1 Rd2+ 44. Ke3 Rh2 45. Rd1 Bd4+ 46. Kd3
Rf2 47. Rb1 Rxf3+ 48. Ke2 Rf2+ 49. Kd3 Kc5 50. Rb3 Bc3 51. Rb1 Rd2+ 52. Ke3
Kxc4 53. Rf1 Rh2 54. Bxd6 b3 55. Rc1 b2 56. Rb1 Rc2 57. Ba3 Kb3 58. Kd3 Rd2+
59. Ke3 Kxa3 60. Ra1+ 0-1

[Event "Chpt de France Universitaire"]
[Site "Nantes"]
[Date "2013.03.24"]
[Round "8.6"]
[White "Hutois, Mickael"]
[Black "Loiseau, Quentin"]
[Result "1/2-1/2"]
[WhiteElo "2230"]
[BlackElo "2460"]
[PlyCount "101"]
[EventDate "2013.??.??"]

1. e4 c6 2. d4 d5 3. Nc3 dxe4 4. Nxe4 Nd7 5. c3 Ngf6 6. Nxf6+ Nxf6 7. Nf3 Bg4
8. Be2 e6 9. Ne5 Bxe2 10. Qxe2 Bd6 11. Bg5 h6 12. Bh4 Qc7 13. Bg3 O-O-O 14.
O-O-O Rhf8 15. Rhe1 g6 16. Bh4 g5 17. Bg3 h5 18. f4 gxf4 19. Bh4 Be7 20. Nxf7
Rd7 21. Qxe6 Kb8 22. Ne5 Rd6 23. Qxe7 Qxe7 24. Nxc6+ Rxc6 25. Rxe7 Nd5 26. Re5
Ne3 27. Rd2 Nc4 28. Rxh5 Nxd2 29. Kxd2 Rg6 30. Rg5 Rh6 31. Rg4 Kc8 32. Ke2 Rb6
33. b3 Re6+ 34. Kd2 Rfe8 35. Rxf4 Re2+ 36. Kd3 Rxg2 37. Bg3 Rxa2 38. Rf7 b5 39.
d5 Ree2 40. Kd4 Rac2 41. Bf4 Re1 42. Rc7+ Kd8 43. d6 Rd1+ 44. Ke3 a5 45. Bg5+
Ke8 46. Re7+ Kd8 47. Rb7+ Ke8 48. Re7+ Kd8 49. Rb7+ Ke8 50. Re7+ Kd8 51. Ke4
1/2-1/2

[Event "Chpt de France Universitaire"]
[Site "Nantes"]
[Date "2013.03.24"]
[Round "9.1"]
[White "Sebag, Marie"]
[Black "Sochacki, Christophe"]
[Result "1/2-1/2"]
[WhiteElo "2504"]
[BlackElo "2440"]
[PlyCount "76"]
[EventDate "2013.??.??"]

1. e4 c5 2. c3 Nf6 3. e5 Nd5 4. d4 cxd4 5. Nf3 d6 6. cxd4 Nc6 7. Bc4 dxe5 8.
dxe5 Ndb4 9. Qxd8+ Nxd8 10. Na3 Bd7 11. O-O Rc8 12. Be3 a6 13. Rac1 b5 14. Bb3
e6 15. Rfd1 Rxc1 16. Bxc1 Bc6 17. Nc2 Nxc2 18. Bxc2 Bd5 19. a4 b4 20. a5 Nb7
21. Ba4+ Ke7 22. Bd2 Kd8 23. Ng5 Kc7 24. Nxf7 Rg8 25. Rc1+ Kb8 26. Nd8 Nxd8 27.
Bd7 Bb7 28. Bg5 Nf7 29. Bxe6 Nxg5 30. Bxg8 Be7 31. f3 Bc8 32. Rxc8+ Kxc8 33. h4
Nxf3+ 34. gxf3 Bxh4 35. Bxh7 Bg3 36. Bd3 Bxe5 37. Bxa6+ Kd8 38. b3 Bc7 1/2-1/2

[Event "Chpt de France Universitaire"]
[Site "Nantes"]
[Date "2013.03.24"]
[Round "9.2"]
[White "Demuth, Adrien"]
[Black "Delorme, Axel"]
[Result "1-0"]
[WhiteElo "2457"]
[BlackElo "2460"]
[PlyCount "165"]
[EventDate "2013.03.23"]

1. Nf3 d5 2. g3 c6 3. Bg2 Bg4 4. O-O e6 5. d4 Nd7 6. Nbd2 Ngf6 7. Re1 Be7 8. e4
dxe4 9. Nxe4 h6 10. c3 O-O 11. Nxf6+ Nxf6 12. Qb3 Bxf3 13. Bxf3 Qb6 14. Bf4 Nd5
15. Bxd5 cxd5 16. Qxb6 axb6 17. Re2 h5 18. a3 b5 19. Rae1 Rfe8 20. Kg2 Ra6 21.
Bc1 g6 22. Kf3 Bf8 23. Ke3 Bg7 24. Kd3 Rc6 25. Bf4 Rec8 26. h3 Re8 27. g4 Bf6
28. gxh5 gxh5 29. Rg1+ Kf8 30. Bh6+ Ke7 31. Bg5 Rcc8 32. Re5 Rh8 33. Bxf6+ Kxf6
34. Rg3 Rcg8 35. Rf3+ Kg7 36. Kc2 Rc8 37. Kb3 Rc6 38. Rg5+ Kf8 39. Kb4 Rh6 40.
Kxb5 f6 41. Rg1 Kf7 42. Rfg3 Rh7 43. Rg8 e5 44. Rb8 Ke6 45. Re8+ Kf5 46. dxe5
fxe5 47. h4 Rhh6 48. Rg5+ Kf4 49. Rexe5 Rb6+ 50. Kc5 Rxb2 51. Kxd5 Rd2+ 52. Kc4
Rc6+ 53. Rc5 Ra6 54. Rcf5+ Ke4 55. Re5+ Kf4 56. Ref5+ Ke4 57. Re5+ Kf4 58.
Rgf5+ Kg4 59. Rxh5 Rxa3 60. Rhg5+ Kxh4 61. Rg8 Ra4+ 62. Kb3 Rg4 63. Rxg4+ Kxg4
64. Re7 Kf5 65. Rxb7 Ke6 66. f4 Rf2 67. Rb4 Kd5 68. Rd4+ Kc5 69. Ra4 Kb5 70.
Rb4+ Kc5 71. Rd4 Kb5 72. c4+ Kc6 73. Kc3 Rf3+ 74. Kb4 Rf1 75. Re4 Kd6 76. c5+
Kd5 77. Re5+ Kd4 78. c6 Rxf4 79. Rh5 Rf1 80. Kb5 Rb1+ 81. Ka6 Ra1+ 82. Kb6 Rb1+
83. Rb5 1-0

[Event "Chpt de France Universitaire"]
[Site "Nantes"]
[Date "2013.03.24"]
[Round "9.3"]
[White "Lagarde, Maxime"]
[Black "Le Ruyet, Leopold"]
[Result "1-0"]
[WhiteElo "2560"]
[BlackElo "2170"]
[PlyCount "176"]
[EventDate "2013.??.??"]

1. e4 c5 2. Nf3 d6 3. d4 cxd4 4. Qxd4 Nc6 5. Bb5 Bd7 6. Bxc6 Bxc6 7. Nc3 Nf6 8.
Bg5 e6 9. Qd3 Be7 10. Nd4 Qa5 11. Bd2 Qb6 12. f4 d5 13. Nxc6 dxe4 14. Nxe4 Qxc6
15. Nxf6+ Bxf6 16. O-O-O O-O 17. g4 Qa4 18. Qb3 Qxb3 19. axb3 g6 20. g5 Bg7 21.
Bb4 Rfd8 22. Be7 Rd5 23. c4 Rd4 24. Rxd4 Bxd4 25. Kc2 Re8 26. Rd1 Rxe7 27. Rxd4
Kg7 28. b4 h6 29. h4 hxg5 30. hxg5 f6 31. Rd6 fxg5 32. fxg5 e5 33. Kd3 e4+ 34.
Ke3 Kf7 35. Rf6+ Kg7 36. Rd6 Kf7 37. c5 Re5 38. Rd7+ Ke6 39. Rxb7 Rxg5 40. Rxa7
Kd5 41. Rd7+ Kc6 42. Rd6+ Kc7 43. Kd4 Rg2 44. Re6 Rxb2 45. Kc3 Rg2 46. Rxe4 Rg1
47. b5 Rc1+ 48. Kd4 Rd1+ 49. Kc4 Rc1+ 50. Kd5 Rd1+ 51. Rd4 Rb1 52. b6+ Kb7 53.
Kd6 Rc1 54. Rd5 Rc2 55. Rg5 Rd2+ 56. Rd5 Rc2 57. Rg5 Rd2+ 58. Ke6 Kc6 59. Kf6
Rf2+ 60. Kxg6 Rf1 61. Rf5 Re1 62. Kf6 Rh1 63. Ke6 Rh6+ 64. Rf6 Rh1 65. Rf5 Rh6+
66. Kf7 Rh1 67. Kg6 Rg1+ 68. Kh5 Rg8 69. Rg5 Rh8+ 70. Kg4 Rh1 71. Kf3 Re1 72.
Rg8 Re7 73. Rc8+ Kb7 74. Rf8 Kc6 75. Rf5 Re1 76. Kf4 Rf1+ 77. Ke5 Re1+ 78. Kf6
Re2 79. Re5 Rh2 80. Ke7 Rh8 81. Re6+ Kxc5 82. Kd7 Rh7+ 83. Kc8 Rh8+ 84. Kb7
Rh7+ 85. Ka8 Rh8+ 86. Ka7 Rh1 87. b7 Ra1+ 88. Ra6 Kd5 1-0

[Event "Chpt de France Universitaire"]
[Site "Nantes"]
[Date "2013.03.24"]
[Round "9.4"]
[White "Sochacki, Wojtek"]
[Black "Stephan, Victor"]
[Result "0-1"]
[WhiteElo "2540"]
[BlackElo "2270"]
[PlyCount "64"]
[EventDate "2013.??.??"]

1. e4 c6 2. d4 d5 3. f3 dxe4 4. fxe4 e5 5. Nf3 Bg4 6. c3 Nd7 7. Be2 Bd6 8. O-O
Ngf6 9. Nbd2 O-O 10. Nc4 Bxf3 11. Bxf3 Qc7 12. Nxd6 Qxd6 13. Be3 Rfe8 14. Qc2
Qe6 15. Rae1 Qxa2 16. c4 b5 17. Be2 Qa5 18. dxe5 Nxe5 19. cxb5 cxb5 20. Qb3 Nc4
21. Bd4 Nd2 22. Qg3 Nxf1 23. Rxf1 Re6 24. h3 Rae8 25. e5 Qd2 26. Bd3 Nd7 27.
Rf2 Qe1+ 28. Kh2 Nxe5 29. Qf4 Rf6 30. Bxh7+ Kxh7 31. Qh4+ Kg8 32. Qg5 Rxf2 0-1

[Event "Chpt de France Universitaire"]
[Site "Nantes"]
[Date "2013.03.24"]
[Round "9.5"]
[White "Loiseau, Quentin"]
[Black "Miqueu, Jean-Philippe"]
[Result "1-0"]
[WhiteElo "2460"]
[BlackElo "2230"]
[PlyCount "63"]
[EventDate "2013.??.??"]

1. d4 d5 2. c4 c6 3. Nc3 Nf6 4. Nf3 dxc4 5. a4 Bf5 6. Ne5 Nbd7 7. Nxc4 Nb6 8.
Ne5 a5 9. f3 e6 10. e4 Bg6 11. Be3 Bb4 12. Be2 O-O 13. O-O Nfd7 14. Nd3 Nc4 15.
Bf2 Nxb2 16. Nxb2 Bxc3 17. Qb3 Bxb2 18. Qxb2 Qc7 19. Bg3 Qc8 20. Rab1 Ra7 21.
Rfc1 Re8 22. Bf2 b6 23. Rc3 e5 24. Rbc1 Rc7 25. Bb5 exd4 26. Rxc6 Rxc6 27. Rxc6
Qb7 28. Bxd4 f6 29. Qc1 Ne5 30. Rc7 Qb8 31. Bxe8 Bxe8 32. Bxe5 1-0